The Rise of Blockchains: Disrupting Economies and Transforming Societies (Record no. 43602)

MARC details
000 -LEADER
fixed length control field 00564nam a22001697a 4500
005 - DATE AND TIME OF LATEST TRANSACTION
control field 20250407122531.0
008 - FIXED-LENGTH DATA ELEMENTS--GENERAL INFORMATION
fixed length control field 250407b |||||||| |||| 00| 0 eng d
020 ## - INTERNATIONAL STANDARD BOOK NUMBER
International Standard Book Number 9781035325283
041 ## - LANGUAGE CODE
Language code of text/sound track or separate title eng
082 ## - DEWEY DECIMAL CLASSIFICATION NUMBER
Classification number 005.74 KSH
100 ## - MAIN ENTRY--PERSONAL NAME
Author Kshetri, Nir
245 ## - TITLE STATEMENT
Title The Rise of Blockchains: Disrupting Economies and Transforming Societies
260 ## - PUBLICATION, DISTRIBUTION, ETC.
Place Cheltenham [England], UK
Publisher Edward Elgar Publishing
Publication Year 2022
300 ## - PHYSICAL DESCRIPTION
Extent 202;. pages: 23 cm
650 ## - SUBJECT ADDED ENTRY--TOPICAL TERM
Subject Blockchains (Databases)-Industrial Applications; Blockchains (Databases)-Economic Aspects
942 ## - ADDED ENTRY ELEMENTS (KOHA)
Koha item type Books
Holdings
Withdrawn status Lost status Source of classification or shelving scheme Damaged status Not for loan Home library Current library Shelving location Accession Date Vendor Price Bill number Total Checkouts Full call number Barcode No Date due Date last seen Date last checked out Discount Bill Date Koha item type Suggested By
    Dewey Decimal Classification     IMTN IMTN Rack 3-B 03/27/2025 Raghav Books Private Limited 2888.24 2374 1 005.74 KSH 33853 11/19/2025 05/23/2025 05/23/2025 33 02/14/2025 Books Dr. Mantha Raghu (Head Librarian)
Designed & Maintained by: LRC IMT Nagpur Contact: lrc@imtnag.ac.in© 2024. All Rights Reserved.